| 000 | | | 04284nac2a22002893x 450 |
| 001 | | | 729187b1-6970-48ae-a547-0620b63b8b4c |
| 005 | | | 20210129071406.0 |
| 100 | ## | $a | 20201214l19251925k y0rusy50 ca |
| 101 | 0# | $a | rus |
| 102 | ## | $a | RU |
| 105 | ## | $a | y z ||||| |
| 122 | 2# | $a | d19250513 |
| | $a | d19250514 |
| 200 | 1# | $a | Протоколы №№ 2, 3, 4 /подлинн./ Заседания 3-го Съезда Советов Союза ССР |
| | $j | 13.05.1925 - 14.05.1925 |
| 215 | ## | $a | 29 листов |
| 251 | ## | $c | Дело |
| 300 | ## | $a | Заголовок дела на папке: Протоколы №№ 2, 3, 4 Заседания 3-го Съезда Советов Союза ССР. 13 и 14 мая 1925 г. (утро и вечер) |
| 300 | ## | $a | Подлинные |
| 300 | ## | $a | Машинописный и рукописный текст |
| 330 | ## | $a | Входит в раздел описи: 3-й Съезд Советов |
| 461 | #0 | $1 | 001796d4672-8a00-4986-b488-6e42273792cc |
| | $1 | 2001 |
| | $a | ЦЕНТРАЛЬНЫЙ ИСПОЛНИТЕЛЬНЫЙ КОМИТЕТ СССР (ЦИК СССР) |
| | $1 | 251 |
| | $c | Фонд |
| | $1 | 852 |
| | $j | 3316 |
| | $g | Р |
| 462 | #0 | $1 | 001223cd9f1-129f-4399-9e60-ba682fc263d8 |
| | $1 | 2001 |
| | $a | Дела 3-го Съезда Советов и 1-й, 2-й, 3-й Сессий ЦИК СССР 3-го созыва. 1925-й год - 1927 г. |
| | $v | Д. 2 |
| | $1 | 251 |
| | $c | Опись |
| | $1 | 852 |
| | $j | 3 |
| 517 | 1# | $a | Протоколы №№ 2, 3, 4 Заседания 3-го Съезда Советов Союза ССР. 13 и 14 мая 1925 г. (утро и вечер) |
| 601 | 01 | $3 | RU\NLR\AUTH\880357276 |
| | $a | СССР |
| | $b | ЦИК |
| 601 | 01 | $3 | RU\NLR\AUTH\8810218414 |
| | $a | СССР |
| | $b | Съезд Советов |
| | $c | 3 |
| 801 | #0 | $a | RU |
| | $b | GA_RF |
| 801 | #1 | $a | RU |
| | $b | ГлавНИВЦ |
| | $c | 20201214 |
| | $2 | rusmarc |
| 801 | #2 | $a | RU |
| | $b | ПБ им. Б.Н. Ельцина |
| | $c | 20210129 |
| | $g | RCR |
| | $2 | rusmarc |
| 852 | ## | $a | ГА РФ |
| | $j | 2 |
| 937 | ## | $d | 155755229 |
| | $h | ГАРФ |
| 035 | ## | $a | RuPRLIB51059380 |
| 856 | ## | $u | http://readingroom.main.prlib.ru/item.aspx?id_node=n155755229&mode=full |